[Event "Jimp, like Jump but with an I"]
[Site "http://www.queenalice.com/game.php?id=1864308"]
[Date "2025.10.15"]
[Round "-"]
[White "AntoniusBlock"]
[Black "mdfran72"]
[Result "0-1"]
[WhiteElo "1395"]
[BlackElo "1676"]

1. d4 d5 2. g3 f5 3. Nc3 e6 4. Bg2 Nf6 5. Bg5 Bb4 6. Nf3 h6 7. Bxf6 Qxf6 8. a3
Bxc3+ 9. bxc3 c5 10. O-O Nd7 11. Qd2 c4 12. Rfb1 b6 13. Rb4 a5 14. Rb5 O-O 15.
a4 Ba6 16. Rbb1 Rab8 17. Ne5 Nxe5 18. dxe5 Qxe5 19. f4 Qf6 20. Rf1 Bb7 21. Rab1
Bc6 22. Ra1 Rfd8 23. Qe3 Rdc8 24. Bf3 Ra8 25. Rf2 b5 26. axb5 Bxb5 27. Bh5 a4
28. Ra3 Qe7 29. Qb6 Rcb8 30. Qd4 Qxa3 31. Rf1 Be8 32. g4 g6 33. Qf6 gxh5 34.
Qxe6+ Bf7 35. Qxh6 Qxc3 36. Qg5+ Qg7 37. Qxf5 hxg4 38. Rf2 Rb6 39. Rg2 Rg6 40.
Qd7 a3 41. f5 Rf6 42. Qb7 Raa6 43. Qc8+ Kh7 44. h3 g3 45. Qc7 a2 46. Rxg3 Qxg3+
47. Qxg3 a1=Q+ 48. Kg2 Rxf5 49. Qh4+ Rh5 50. Qe7 Qg7+ 51. Kh2 Rah6 52. e4 Re5
53. Qc5 Rxe4 54. Qf2 Rhh4 55. Qf5+ Qg6 56. Qf3 Be6 57. Qg3 Qxg3+ 58. Kxg3 Rxh3+
59. Kf2 Bg4 60. c3 Re2+ 61. Kf1 Rh1# 0-1

[Event "Big blocky style guys"]
[Site "http://www.queenalice.com/game.php?id=1864991"]
[Date "2025.11.1"]
[Round "-"]
[White "mdfran72"]
[Black "AntoniusBlock"]
[Result "1-0"]
[WhiteElo "1681"]
[BlackElo "1390"]

1. d4 d5 2. Nc3 Be6 3. e4 c6 4. e5 Nd7 5. f4 f5 6. Nf3 h6 7. Nh4 g5 8. Ng6 Rh7
9. Nxf8 Nxf8 10. h4 g4 11. g3 h5 12. Bd3 Qb6 13. Ne2 O-O-O 14. b3 Bd7 15. O-O
Ne6 16. Bxf5 Rh6 17. Bb2 c5 18. c3 Nc7 19. Qc2 e6 20. Bd3 Ne7 21. c4 Nf5 22.
Bxf5 exf5 23. dxc5 Qxc5+ 24. Bd4 Qa5 25. Qc3 Qxc3 26. Nxc3 dxc4 27. bxc4 Be6 28.
Rfb1 Rxd4 29. c5 Rd3 30. Ne2 Bd5 31. Rc1 Bf3 32. Rc2 Re3 33. Kf2 Nd5 34. a4 Rc6
35. Rd1 Nc3 36. Rdd2 Rxc5 37. Kxe3 Nd5+ 38. Kf2 Rc6 39. Nd4 Kd7 40. Nxc6 bxc6
41. Rb2 Ke6 42. Rdc2 Ne7 43. Rb7 a5 44. Rd2 Nd5 45. Ra7 Nc3 46. Rd6# 1-0

[Event "SAM City"]
[Site "http://www.queenalice.com/game.php?id=1865648"]
[Date "2025.11.15"]
[Round "-"]
[White "AntoniusBlock"]
[Black "mdfran72"]
[Result "0-1"]
[WhiteElo "1386"]
[BlackElo "1619"]

1. d4 g6 2. e4 Bg7 3. e5 Nh6 4. Ne2 O-O 5. h4 d5 6. Nf4 e6 7. Bd3 Nc6 8. c3 Ne7
9. Nd2 f5 10. exf6 Bxf6 11. Nf3 Nhf5 12. Qe2 c6 13. Nxe6 Bxe6 14. Qxe6+ Kg7 15.
h5 a6 16. hxg6 hxg6 17. Bh6+ Nxh6 18. Qh3 Nef5 19. Bxf5 gxf5 20. Qg3+ Kh7 21.
Qf4 Qe7+ 22. Ne5 Bg5 23. Qg3 f4 24. Qd3+ Kg7 25. Qg6+ Kh8 26. Rxh6+ Bxh6 27.
Qxh6+ Kg8 28. O-O-O Rf6 29. Ng6 Rxg6 30. Qxg6+ Qg7 31. Qe6+ Qf7 32. Qg4+ Kf8 33.
Qg5 Ke8 34. Re1+ Kd7 35. Qg4+ Kc7 36. Qe6 Qxe6 37. Rxe6 Rf8 38. f3 Kb6 39. b3 a5
40. c4 dxc4 41. bxc4 Rg8 42. c5+ Kb5 43. a4+ Kxa4 44. Re2 Kb4 45. Rb2+ Kc4 46.
Rd2 Rd8 47. Kc2 Rxd4 48. Kc1 Kxc5 49. Kc2 b5 50. Rd3 Rxd3 51. Kxd3 b4 52. Kc2
Kc4 53. Kb2 a4 54. Kc2 b3+ 55. Kb2 Kb4 56. Kb1 a3 57. Ka1 c5 58. Kb1 c4 59. Ka1
c3 60. Kb1 c2+ 61. Kc1 Kc3 62. g4 fxg3 63. f4 b2# 0-1

[Event "Everybody gotta die sometime red"]
[Site "http://www.queenalice.com/game.php?id=1867010"]
[Date "2025.12.13"]
[Round "-"]
[White "mdfran72"]
[Black "AntoniusBlock"]
[Result "1-0"]
[WhiteElo "1626"]
[BlackElo "1379"]

1. d4 Nf6 2. e3 d5 3. c4 dxc4 4. Ne2 Nc6 5. Nbc3 Nd5 6. e4 Nxc3 7. bxc3 e5 8. d5
Na5 9. Qa4+ c6 10. dxc6 Nxc6 11. Qxc4 Be6 12. Qa4 Qd7 13. Qd1 Qc7 14. f4 Rd8 15.
Qc2 Bc5 16. f5 Bc4 17. Qa4 a6 18. Qxc4 Na5 19. Qa4+ b5 20. Qc2 Rd6 21. Ng3 Qd7
22. Be2 O-O 23. Nf1 Nc4 24. Bxc4 bxc4 25. Ne3 Bxe3 26. Bxe3 Rd3 27. Bc5 Rc8 28.
Bb4 Re3+ 29. Kf2 Qa7 30. Rhe1 Rd3+ 31. Kf1 Rcd8 32. Rad1 a5 33. Ba3 Qb6 34. Rxd3
Rxd3 35. Bc1 f6 36. Rd1 Qb5 37. Rxd3 cxd3 38. Qb3+ Qxb3 39. axb3 Kf7 40. Kf2 g6
41. g4 gxf5 42. gxf5 Ke7 43. Ke3 Kd6 44. Kxd3 Kc5 45. c4 Kb4 46. Kc2 h5 47. h4
a4 48. bxa4 Kxc4 49. a5 Kb5 50. Bd2 Ka6 51. Kb3 Kb5 52. Bb4 Ka6 53. Ka4 Kb7 54.
Be7 Kc7 55. Bxf6 Kd6 56. Kb5 Kd7 57. Kb6 Kd6 58. a6 Kd7 59. a7 Ke8 60. a8=Q+ 1-0

[Event "Mellish, The Barber"]
[Site "http://www.queenalice.com/game.php?id=1867813"]
[Date "2026.1.10"]
[Round "-"]
[White "AntoniusBlock"]
[Black "mdfran72"]
[Result "0-1"]
[WhiteElo "1373"]
[BlackElo "1632"]

1. d4 g6 2. e4 Bg7 3. Nf3 Nh6 4. Bxh6 Bxh6 5. Nbd2 O-O 6. e5 e6 7. Qe2 d5 8.
exd6 Qxd6 9. Ne4 Qb4+ 10. c3 Qe7 11. g4 Bg7 12. g5 f5 13. Nf6+ Bxf6 14. gxf6
Qxf6 15. Ne5 Nd7 16. Nxd7 Bxd7 17. f4 Bc6 18. Bg2 Qh4+ 19. Kf1 Qxf4+ 20. Ke1 Qd6
21. Bxc6 Qxc6 22. Kd2 Rae8 23. h4 h5 24. Rhg1 Kg7 25. Rg5 Rh8 26. Rag1 Rh6 27.
R1g3 Kf6 28. Qe5+ Kf7 29. b3 Qd5 30. Re3 Qxe5 31. Rxe5 Rd8 32. Rc5 c6 33. Ke3
Rd5 34. b4 Rh8 35. b5 Rxc5 36. dxc5 Rd8 37. a4 Rd5 38. c4 Rxc5 39. Kd4 b6 40. a5
e5+ 41. Kc3 bxa5 42. Kd3 cxb5 43. Rg1 Rxc4 44. Rb1 e4+ 45. Ke3 b4 46. Ra1 Rc3+
47. Kd4 Ra3 48. Rb1 Ke6 49. Rc1 Rd3+ 50. Kc4 b3 51. Rc3 b2 52. Rb3 Rxb3 53. Kxb3
b1=Q+ 54. Kc4 Qd3+ 55. Kc5 Qd5# 0-1

[Event "This better go real smooth Bobby"]
[Site "http://www.queenalice.com/game.php?id=1868736"]
[Date "2026.1.31"]
[Round "-"]
[White "mdfran72"]
[Black "AntoniusBlock"]
[Result "1-0"]
[WhiteElo "1638"]
[BlackElo "1367"]

1. e4 d5 2. e5 e6 3. d4 c5 4. Nf3 Nc6 5. c4 b6 6. Be3 Nh6 7. Nc3 Nf5 8. Bd3 g6
9. Qa4 Bd7 10. Bg5 Be7 11. Bxe7 Qxe7 12. O-O Ncxd4 13. Qd1 O-O 14. cxd5 exd5 15.
Nxd5 Qd8 16. Nf6+ Kh8 17. Bxf5 Bxf5 18. h3 a5 19. g4 Bd7 20. Nxd4 cxd4 21. Qxd4
a4 22. Qf4 Qc7 23. Qh6 Bb5 24. Qxh7# 1-0

[Event "Do you like black girls?"]
[Site "http://www.queenalice.com/game.php?id=1869026"]
[Date "2026.2.9"]
[Round "-"]
[White "AntoniusBlock"]
[Black "mdfran72"]
[Result "0-1"]
[WhiteElo "1362"]
[BlackElo "1643"]

1. d4 g6 2. c4 Bg7 3. e3 Nh6 4. Nc3 O-O 5. e4 e6 6. c5 c6 7. Nf3 f5 8. Bd3 d6 9.
e5 d5 10. Ng5 Nf7 11. h4 Nxg5 12. hxg5 Na6 13. a3 Nc7 14. Bf4 a6 15. g4 Bd7 16.
Qe2 Nb5 17. Nxb5 axb5 18. b4 Ra6 19. f3 Qa8 20. Qh2 Kf7 21. gxf5 exf5 22. Qxh7
Rh8 23. Qxh8 Bxh8 24. Rh7+ Bg7 25. Bc1 Kg8 26. Rh2 Be6 27. Bb2 Kf7 28. O-O-O Bd7
29. Rdh1 Ke6 30. Rh7 Qf8 31. Kc2 Ra8 32. Kc3 Be8 33. Bc2 Bf7 34. a4 bxa4 35. Ba3
Bg8 36. R7h4 Qe7 37. f4 Bf7 38. Rh7 Bf8 39. Ra1 Qc7 40. Bc1 b5 41. cxb6 Qxb6 42.
Rh3 Qxb4+ 43. Kd3 Qc4+ 44. Kd2 Qxd4+ 0-1

[Event "A few small beers."]
[Site "http://www.queenalice.com/game.php?id=1869581"]
[Date "2026.2.22"]
[Round "-"]
[White "mdfran72"]
[Black "AntoniusBlock"]
[Result "1-0"]
[WhiteElo "1625"]
[BlackElo "1357"]

1. e4 e5 2. d4 d5 3. exd5 Qxd5 4. dxe5 Qe6 5. f4 f5 6. Nf3 Ne7 7. Ng5 Qb6 8. Nc3
h6 9. Nf3 c6 10. Na4 Qb4+ 11. Nc3 Nd5 12. Qd2 Nxc3 13. bxc3 Qe4+ 14. Be2 Bc5 15.
Qd3 Qa4 16. Nd4 Bxd4 17. cxd4 Qa5+ 18. Bd2 Qd5 19. Bf3 Qe6 20. O-O Na6 21. c4
O-O 22. c5 b6 23. cxb6 axb6 24. a3 Bb7 25. Rab1 b5 26. Be3 Rf7 27. h3 Rd8 28.
Rfc1 Rc7 29. g4 g6 30. g5 c5 31. Bxb7 Rxb7 32. Rxb5 Rh7 33. Qc4 Nc7 34. Rxc5
hxg5 35. Rxc7 Qxc4 36. R1xc4 Rxh3 37. Kf2 g4 38. e6 g3+ 39. Kg2 Rh2+ 40. Kxg3
Rh5 41. Rc8 Rf8 42. e7 1-0

[Event "home run helen"]
[Site "http://www.queenalice.com/game.php?id=1870227"]
[Date "2026.3.7"]
[Round "-"]
[White "AntoniusBlock"]
[Black "mdfran72"]
[Result "0-1"]
[WhiteElo "1352"]
[BlackElo "1630"]

1. d4 d5 2. Nc3 e6 3. g3 Nd7 4. Bg2 Ne7 5. Be3 f5 6. f4 b6 7. Nf3 c5 8. b3 Ba6
9. a4 c4 10. b4 h5 11. h4 Nf6 12. Ne5 Qd6 13. b5 Bb7 14. a5 Qb4 15. Bd2 bxa5 16.
Ra4 Qd6 17. Rxa5 g6 18. Na4 Bg7 19. b6 axb6 20. Rxa8+ Bxa8 21. Qa1 O-O 22. O-O
b5 23. Nc5 Bc6 24. Rf3 Ne4 25. Bc1 Nxc5 26. Ra3 Nd7 27. Nxc6 Nxc6 28. Ra6 Ndb8
29. Rb6 Qc7 30. Rxb5 Bxd4+ 0-1

[Event "It depends on you man"]
[Site "http://www.queenalice.com/game.php?id=1870603"]
[Date "2026.3.15"]
[Round "-"]
[White "mdfran72"]
[Black "AntoniusBlock"]
[Result "1-0"]
[WhiteElo "1648"]
[BlackElo "1347"]

1. d4 d5 2. f4 f5 3. Nf3 Nc6 4. e3 g6 5. Bb5 a6 6. Bxc6+ bxc6 7. Ne5 Nh6 8. Nxc6
Qd7 9. Ne5 Qe6 10. Nd2 Nf7 11. Ndf3 Rg8 12. g4 fxg4 13. Ng5 Nxg5 14. fxg5 Bg7
15. c3 Bxe5 16. dxe5 Qxe5 17. Qe2 Qxg5 18. Bd2 Qh4+ 19. Qf2 Qxf2+ 20. Kxf2 Rf8+
21. Ke2 a5 22. a4 Ba6+ 23. Kd1 Rb8 24. Kc2 e5 25. b4 e4 26. b5 Bb7 27. Kb3 c5
28. c4 dxc4+ 29. Kxc4 Rf5 30. Bxa5 Rc8 31. Rad1 h5 32. Rd6 Ke7 33. Rxg6 Bd5+ 34.
Kc3 Kf7 35. Ra6 c4 36. b6 Rf3 37. Ra7+ Ke6 38. b7 Rb8 39. Rb1 Rxe3+ 40. Kd4 Rd3+
41. Kc5 c3 42. Ra6+ Ke5 43. Bc7+ Kf5 44. Bxb8 c2 45. Rc1 Rd1 46. Rxc2 h4 47. Bd6
e3 48. b8=Q g3 49. Qf8+ Ke4 50. Qf4+ Kd3 51. Rb2 e2 52. Qd4# 1-0

[Event "even king tut has 2 say thnk u"]
[Site "http://www.queenalice.com/game.php?id=1871232"]
[Date "2026.3.30"]
[Round "-"]
[White "AntoniusBlock"]
[Black "mdfran72"]
[Result "0-1"]
[WhiteElo "1343"]
[BlackElo "1652"]

1. d4 d5 2. Nc3 e6 3. Nf3 Nd7 4. Ne5 f6 5. Nxd7 Bxd7 6. g4 g5 7. Qd3 c5 8. dxc5
Bxc5 9. e3 Bc6 10. Bg2 d4 11. Bxc6+ bxc6 12. Ne4 Bb4+ 13. Bd2 Bxd2+ 14. Qxd2
dxe3 15. Qxe3 Qd5 16. O-O Qe5 17. Qd3 Ne7 18. f4 Qxb2 19. Rfb1 Rd8 20. Qh3 Qd4+
21. Nf2 Qxf4 22. Qh5+ Ng6 23. Rf1 Qc4 24. Rfc1 Rd2 25. Qh6 Kf7 26. h4 Nxh4 27.
Nd3 Rxc2 28. Rxc2 Qxc2 29. Qh5+ Kg7 30. Ne1 Qb2 31. Rd1 Qb7 32. Kf2 a5 33. Ng2
Nxg2 34. Kxg2 c5+ 35. Kf2 Qf7 36. Qh1 h5 37. Qc6 Re8 38. Rd7 Re7 39. gxh5 Rxd7
0-1

[Event "Evrything is awesome! legostyle"]
[Site "http://www.queenalice.com/game.php?id=1871909"]
[Date "2026.4.14"]
[Round "-"]
[White "mdfran72"]
[Black "AntoniusBlock"]
[Result "1-0"]
[WhiteElo "1656"]
[BlackElo "1339"]

1. d4 Nf6 2. f4 g6 3. e3 d5 4. Nc3 Bg7 5. Nf3 Ne4 6. Nxe4 dxe4 7. Nd2 f5 8. c4
Nc6 9. d5 Na5 10. Qa4+ c6 11. b4 Bxa1 12. bxa5 a6 13. dxc6 O-O 14. Nb3 Bc3+ 15.
Bd2 Bf6 16. c5 Rb8 17. Bc4+ e6 18. O-O Qe8 19. Nd4 Kg7 20. Rb1 e5 21. fxe5 Bxe5
22. Bxa6 bxa6 23. Rxb8 Bxb8 24. Bc3 Be5 25. Qc4 f4 26. Ne2 Qxc6 27. Bxe5+ Kh6
28. Bxf4+ g5 29. Bd6 Re8 30. Nd4 Qd7 31. Ne2 Bb7 32. h3 Kh5 33. g4+ Kh4 34. Kh2
h5 35. Bg3# 1-0

[Event "What’s your avg? I thought so"]
[Site "http://www.queenalice.com/game.php?id=1872568"]
[Date "2026.4.28"]
[Round "-"]
[White "AntoniusBlock"]
[Black "mdfran72"]
[Result "0-1"]
[WhiteElo "1336"]
[BlackElo "1659"]

1. e4 e5 2. b3 c5 3. Bb2 Nc6 4. Nc3 a6 5. Nd5 d6 6. Bc4 b5 7. Be2 b4 8. a3 a5 9.
axb4 cxb4 10. Bb5 Bd7 11. Qe2 Nd4 12. Qe3 Nxc2+ 13. Kd1 Nxe3+ 0-1

[Event "put him in the pigpen"]
[Site "http://www.queenalice.com/game.php?id=1872844"]
[Date "2026.5.3"]
[Round "-"]
[White "mdfran72"]
[Black "AntoniusBlock"]
[Result "1-0"]
[WhiteElo "1675"]
[BlackElo "1333"]

1. d4 d5 2. Nf3 Nf6 3. Nc3 Nc6 4. Ne5 Nxe5 5. dxe5 Ne4 6. Nxe4 dxe4 7. e3 Bd7 8.
f4 exf3 9. gxf3 c5 10. f4 f5 11. Bg2 Bc6 12. Bxc6+ bxc6 13. Qf3 Qd7 14. O-O e6
15. b3 Be7 16. Bb2 g6 17. Rfd1 Qb7 18. c4 h5 19. h3 h4 20. Rd2 Rg8 21. Rad1 Kf7
22. Rd7 Qb4 23. e4 g5 24. Bc3 Qb6 25. exf5 gxf4+ 26. Kh2 Rad8 27. Qh5+ Kf8 28.
Qh6+ Kf7 29. Qxe6+ Kg7 30. Qxe7+ Kh6 31. Qxh4# 1-0

[Event "It depends on you man"]
[Site "http://www.queenalice.com/game.php?id=1873315"]
[Date "2026.5.13"]
[Round "-"]
[White "AntoniusBlock"]
[Black "mdfran72"]
[Result "0-1"]
[WhiteElo "1331"]
[BlackElo "1677"]

1. Nf3 g6 2. h4 Bg7 3. Nc3 Nf6 4. d4 O-O 5. Qd3 d5 6. Rg1 Bf5 7. e4 dxe4 8. Qc4
exf3 9. gxf3 Bxc2 10. Ne2 Bf5 11. Ng3 Nc6 12. Nxf5 gxf5 13. f4 Qxd4 14. Qe2 Qe4
15. Be3 Ng4 16. Bg2 Qb4+ 17. Kf1 Nh2# 0-1

[Event "Someone spit up corn on the rug"]
[Site "http://www.queenalice.com/game.php?id=1873670"]
[Date "2026.5.21"]
[Round "-"]
[White "AntoniusBlock"]
[Black "mdfran72"]
[Result "1-0"]
[WhiteElo "1329"]
[BlackElo "1709"]

1. d4 d5 2. g3 f5 3. Bg2 e6 4. Nc3 Nc6 5. f4 Nf6 6. e3 Ne4 7. Nxe4 fxe4 8. Ne2
b5 9. O-O Bb7 10. c3 a5 11. b3 b4 12. Bd2 Be7 13. c4 dxc4 14. bxc4 Na7 15. d5
exd5 16. Nd4 Qd6 17. Nf5 Qf6 18. g4 g5 19. Nd4 O-O 20. fxg5 Qxg5 21. Ne6 Qe5 22.
Nxf8 Bxf8 23. Rf5 Qe7 24. Be1 dxc4 25. Qb1 Bg7 26. Qc2 Bxa1 27. Qxc4+ Kh8 28.
Rf7 Qxf7 29. Qxf7 Be5 30. g5 Rg8 31. Qh5 Rg6 32. h4 Kg7 33. Qd1 Bc6 34. Qg4 Rd6
35. h5 h6 36. g6 Nb5 37. Bh4 Bf6 38. Qf5 a4 39. Bxe4 Bd7 40. Bxf6+ 1-0